Baby Elephant walk/ (Record no. 45124)

MARC details
000 -LEADER
fixed length control field 00948njm a22002417a 4500
005 - DATE AND TIME OF LATEST TRANSACTION
control field 20100910135350.0
007 - PHYSICAL DESCRIPTION FIXED FIELD--GENERAL INFORMATION
fixed length control field sd ammalaaahaa
008 - FIXED-LENGTH DATA ELEMENTS--GENERAL INFORMATION
fixed length control field 100830t xxu||||| |||| 00| 0 hin d
028 ## - PUBLISHER NUMBER
Publisher number 45-101
Source Gramophon co.
035 ## - SYSTEM CONTROL NUMBER
System control number GR-01864
040 ## - CATALOGING SOURCE
Original cataloging agency SED/VEN
100 ## - MAIN ENTRY--PERSONAL NAME
9 (RLIN) 17458
Personal name Famous Chappll
245 ## - TITLE STATEMENT
Title Baby Elephant walk/
Medium [Sound recording] :
Statement of responsibility, etc by Famous Chappll
246 ## - VARYING FORM OF TITLE
Title proper/short title बेबी एलेफन्त वाल्क /
260 ## - PUBLICATION, DISTRIBUTION, ETC. (IMPRINT)
Place of publication, distribution, etc Dum Dum, India
Name of publisher, distributor, etc American Dot
Date of publication, distribution, etc 1962
300 ## - PHYSICAL DESCRIPTION
Extent 1 Sound disc [Gramophone Record] :
Other physical details analog, 45 1/3 rpm
Dimensions 7 in (LP)
Type of unit Gramophone Records
500 ## - GENERAL NOTE
General note Brief record
505 ## - FORMATTED CONTENTS NOTE
Formatted contents note Part 1 Baby elephant walk ( Lawrence welk aand his orchestra) Part 2 Pretend (Lawrence welk and his orchestra )
650 ## - SUBJECT ADDED ENTRY--TOPICAL TERM
Topical term or geographic name as entry element Orchestra
9 (RLIN) 1186
Geographic subdivision India
General subdivision Excerpts
700 ## - ADDED ENTRY--PERSONAL NAME
9 (RLIN) 19239
942 ## - ADDED ENTRY ELEMENTS (KOHA)
Source of classification or shelving scheme Dewey Decimal Classification
Item type Gramaphone Records
Holdings
Withdrawn status Lost status Source of classification or shelving scheme Damaged status Not for loan Collection code Home library Current library Date acquired Total Checkouts Barcode Date last seen Price effective from Koha item type
    Dewey Decimal Classification   Not For Loan Non-fiction Central Library Central Library 10/09/2010   GR-01864 10/09/2010 10/09/2010 Gramaphone Records

© Delhi Public Library
Hit Counter
free hit counter